|
|
|
|
| LEADER |
00000nab a2200000 ar4500 |
| 001 |
vtls008409247 |
| 003 |
SK-MaSNL |
| 005 |
20260303070125.0 |
| 008 |
051111c2004 xo |r|p|||||||000 b|slo |
| 015 |
|
|
|a SNBRB2005/11
|
| 038 |
|
|
|a SNKBUCL
|
| 040 |
|
|
|a SNKBUCL
|b slo
|c SNKBUCL
|e AACR2
|
| 041 |
0 |
|
|a slo
|
| 044 |
|
|
|a xo
|c SK
|
| 080 |
|
|
|a 82:929:821.162.4
|2 1981
|
| 080 |
|
|
|a 821.162.4
|2 1981
|
| 080 |
|
|
|a 929 Kružliak, Imrich
|2 1981
|
| 100 |
1 |
|
|a Čáni, Ladislav,
|d 1961-
|4 aut
|9 85165
|
| 245 |
1 |
0 |
|a Roky a život Imricha Kružliaka
|c Ladislav Čáni
|
| 300 |
|
|
|b Fotogr.
|
| 600 |
1 |
7 |
|a Kružliak, Imrich,
|d 1914-2019
|2 snkbucl
|9 105619
|
| 773 |
0 |
|
|t Slovenské zahraničie
|g Roč. 9, č. 4 (2004), s. 17
|x 1335-4396
|
| 852 |
|
|
|a SNK
|b KIS3GCP
|
| 958 |
|
|
|a BX
|
| 999 |
|
|
|c 1754043
|d 1755973
|